00861nam a2200229 a 450000100100000000500170001000800410002702000150006804000250008308200210010810000440012924500540017326000600022730000200028750000650030759000260037265000280039865000310042691000380045795201190049599900170061400004208420240412074301.0131113s2006 xxu r 000 p spa d a0976194082 aDO-SdBNPbspacBNPHU aRD861.44bC117vu1 aCabrera, Raquel Virginia,d1973-96907513aEl vuelo de la locura /cRaquel Virginia Cabrera. aEstados Unidos :bEdiciones El Salvaje Refinado,c2006. a45 p. ;c23 cm. aIncluye datos biografícos de la autora en la contraportada aInventariado, 2018/BT 0aPoesía dominicana966 0aLiteratura dominicana.967 aValidado. Control de calidad. MFF 001050718MOaPDbPDcHDd2013-11-13iLF1l0oRD861.44 C117vup42084-10r2020-06-25w2020-06-25y1ZNo se presta c41573d41573